000 00591nam a2200205Ia 4500
003 OSt
005 20240507093713.0
008 210210b1959 xxu||||| |||| 00| 0 eng d
040 _cAL
041 _aKannada
082 _a856/289
100 _aSUBRAHMANYAM (Su)
_d ಸುಬ್ರಹ್ಮಣ್ಯ
_9163419
245 _aAlfred Nobel
_bಆಲ್‌ಫ್ರೆಡ್ ನೊಬೆಲ್
260 _aMaisUru
_bMaisuru Vishvavidyanilaya
_c1959
650 _aNobel
_9163420
650 _aAlfreD
_9163421
690 _aKannada Miscellaneous
_9163422
906 _a020525
942 _2ddc
_cBK
999 _c144675
_d144675